| 000 | 00541nam a22001934a 4500 | ||
|---|---|---|---|
| 001 | BIBLIOTECA MUNICIPAL DE BARRANCO | ||
| 007 | ta | ||
| 008 | t pe gr 00| 0 spa d | ||
| 040 | _aBIBLIOTECA MUNICIPAL DE BARRANCO | ||
| 041 | _aspa | ||
| 043 | _cpe | ||
| 082 |
_a869.56 _bLI79 2023 |
||
| 100 | _aLlaury, S.H, 1961 | ||
| 245 |
_aDe Barranco a París / _cS.H. Llaury |
||
| 260 |
_aLima : _b[s.n.] _c2023 |
||
| 300 |
_a94 p. : _c21 cm. |
||
| 650 | 0 |
_92089 _aNovelas peruanas - Siglo XX |
|
| 942 |
_cBK _e2025-05-29 _zGHÑ |
||
| 999 |
_c10878 _d10878 |
||